[Event "World Blitz 2025"]
[Site "Doha QAT"]
[Date "2025.12.30"]
[Round "16.29"]
[White "Pantsulaia, Levan"]
[Black "Pranav, Anand"]
[Result "1-0"]
[WhiteTitle "GM"]
[BlackTitle "GM"]
[WhiteElo "2472"]
[BlackElo "2591"]
[WhiteFideId "13602071"]
[BlackFideId "46626786"]
[EventDate "2025.12.29"]

1. Nf3 Nf6 2. g3 d5 3. Bg2 c5 4. c4 d4 5. e3 Nc6 6. exd4 cxd4 7. O-O e6 8. d3 h6
9. Bf4 Nd7 10. Re1 Bb4 11. Re2 a5 12. Na3 O-O 13. Nb5 Bc5 14. a3 a4 15. h4 Ra6
16. Qd2 Qf6 17. Rae1 Na5 18. Ne5 Nb3 19. Qd1 Qd8 20. Nxd7 Qxd7 21. Re5 f6 22.
Rxe6 Rxe6 23. Rxe6 Qf7 24. Re1 Kh8 25. Nd6 Bxd6 26. Bxd6 Rd8 27. c5 Bf5 28. Re7
Qg6 29. h5 Qh7 30. Qe2 Bxd3 31. Re8+ Rxe8 32. Qxe8+ Qg8 33. Qxg8+ Kxg8 34. Bxb7
Bc4 35. c6 Bd5 36. Ba8 Kh8 37. c7 Be6 38. Bb7 Na5 39. c8=Q+ Bxc8 40. Bxc8 Nc4
41. Bb4 d3 42. Kf1 Nxb2 43. Ke1 Nc4 44. Ba6 Ne5 45. Kd2 1-0

[Event "World Blitz 2025"]
[Site "Doha QAT"]
[Date "2025.12.30"]
[Round "16.30"]
[White "Movahed, Sina"]
[Black "Hovhannisyan, Robert"]
[Result "0-1"]
[WhiteTitle "GM"]
[BlackTitle "GM"]
[WhiteElo "2596"]
[BlackElo "2621"]
[WhiteFideId "42520835"]
[BlackFideId "13302507"]
[EventDate "2025.12.29"]

1. e4 e5 2. Nf3 Nc6 3. Bb5 Nf6 4. O-O Nxe4 5. Re1 Nd6 6. Nxe5 Be7 7. Bd3 Nxe5 8.
Rxe5 O-O 9. Nc3 Bf6 10. Re3 Bd4 11. Rh3 g6 12. b3 b6 13. Ba3 c5 14. Qg4 Bb7 15.
Rf1 Re8 16. b4 Rc8 17. bxc5 bxc5 18. Bb2 Bg7 19. Nb5 Nxb5 20. Bxg7 Kxg7 21. Bxb5
Bc6 22. Bd3 Qf6 23. Re3 Re5 24. h4 h5 25. Qg3 Rce8 26. Rfe1 d6 27. c3 Rxe3 28.
fxe3 Qe5 29. Qf2 Be4 30. Bc4 d5 31. Be2 c4 32. Rf1 Re7 33. g3 Rb7 34. Kh2 Qe6
35. Qe1 Rb2 36. Rf4 Rb1 37. Bd1 Bc2 38. e4 Rxd1 39. Qe2 Ra1 40. Qf2 Bxe4 0-1

[Event "World Blitz 2025"]
[Site "Doha QAT"]
[Date "2025.12.30"]
[Round "16.31"]
[White "Niemann, Hans Moke"]
[Black "Nesterov, Arseniy"]
[Result "0-1"]
[WhiteTitle "GM"]
[BlackTitle "GM"]
[WhiteElo "2725"]
[BlackElo "2595"]
[WhiteFideId "2093596"]
[BlackFideId "24198455"]
[EventDate "2025.12.29"]

1. e4 e5 2. Nf3 Nf6 3. d3 Nc6 4. g3 d5 5. exd5 Nxd5 6. Bg2 Bd6 7. O-O O-O 8. Re1
Re8 9. Nc3 Nxc3 10. bxc3 Rb8 11. Rb1 h6 12. Nd2 Bd7 13. Nc4 b5 14. Nxd6 cxd6 15.
Be3 Qc7 16. Qd2 Ne7 17. f4 Bc6 18. fxe5 dxe5 19. Bxc6 Qxc6 20. Bxa7 Ra8 21. Bf2
Nd5 22. Rb3 Rxa2 23. Reb1 e4 24. Bd4 exd3 25. Qxd3 Rc8 26. Rf1 b4 27. cxb4 Rxc2
28. b5 Qb7 29. Qf3 Rc1 30. b6 Rxf1+ 31. Kxf1 Qa6+ 32. Kg2 Rc2+ 33. Kh3 Qc8+ 34.
g4 Qb8 35. Bf2 Nf4+ 36. Kg3 Nd3+ 37. Kg2 Ne1+ 0-1

[Event "World Blitz 2025"]
[Site "Doha QAT"]
[Date "2025.12.30"]
[Round "16.32"]
[White "Anton Guijarro, David"]
[Black "Andreikin, Dmitry"]
[Result "1/2-1/2"]
[WhiteTitle "GM"]
[BlackTitle "GM"]
[WhiteElo "2646"]
[BlackElo "2710"]
[WhiteFideId "2285525"]
[BlackFideId "4158814"]
[EventDate "2025.12.29"]

1. d4 Nf6 2. Nf3 d6 3. b3 c5 4. dxc5 Qa5+ 5. Qd2 Qxc5 6. Ba3 Ne4 7. Bxc5 Nxd2 8.
Nbxd2 dxc5 9. e3 Nc6 10. O-O-O e6 11. Bb5 Bd7 12. Nc4 Rd8 13. a4 Be7 14. Nfe5
Nxe5 15. Nxe5 Bxb5 16. Rxd8+ Bxd8 17. axb5 Bc7 18. Nd3 b6 19. Kd2 Ke7 20. Ra1
Bb8 21. f4 Rd8 22. Ke2 Rd7 23. g4 f5 24. h3 g6 25. Rg1 Kf6 26. g5+ Kf7 27. h4 e5
28. fxe5 Ke6 29. h5 Bxe5 30. Rh1 Bd6 31. hxg6 hxg6 32. Rh6 Kf7 33. Rh7+ Ke6 34.
Rh6 Kf7 35. Rh7+ Ke6 36. Rh8 Kf7 37. Nf4 Bxf4 38. exf4 Kg7 39. Rc8 Re7+ 40. Kf3
Rd7 41. Rc6 Re7 42. Rd6 Kf7 43. Rf6+ Kg7 44. Rd6 Kf7 45. c3 Re6 46. Rd8 Re8 47.
Rd1 Ke6 48. Re1+ Kf7 49. Rh1 Re7 50. Rd1 Re8 51. Rd6 Re6 52. Rd7+ Re7 53. Rd6 1/2-1/2

[Event "World Blitz 2025"]
[Site "Doha QAT"]
[Date "2025.12.30"]
[Round "16.33"]
[White "Giri, Anish"]
[Black "Warmerdam, Max"]
[Result "0-1"]
[WhiteTitle "GM"]
[BlackTitle "GM"]
[WhiteElo "2760"]
[BlackElo "2573"]
[WhiteFideId "24116068"]
[BlackFideId "1048104"]
[EventDate "2025.12.29"]

1. e4 e5 2. Nf3 Nc6 3. Bc4 Nf6 4. d3 Be7 5. O-O O-O 6. Re1 d6 7. a3 a5 8. h3 h6
9. Nc3 Re8 10. Bd2 Bf8 11. Ba2 Be6 12. Bxe6 Rxe6 13. Nd5 Ne7 14. c4 c6 15. Nxf6+
Rxf6 16. d4 Ng6 17. d5 a4 18. Nh2 Nf4 19. Bxf4 Rxf4 20. g3 Rf6 21. h4 Rg6 22.
Re3 Qxh4 23. Kg2 Qd8 24. b3 axb3 25. Rxb3 Ra7 26. Rab1 Qa8 27. Qf3 cxd5 28. cxd5
h5 29. Qxh5 Rxa3 30. Rxb7 Qa4 31. Qe2 Rg5 32. Rb8 Ra2 33. Qe3 Rg6 34. Rd8 Ra3
35. Qe2 Ra2 36. Qe3 Ra3 37. Qe1 Qc2 38. Nf1 Rf6 39. Rbb8 Ra1 40. Rxf8+ Kh7 41.
Qd2 Qxe4+ 42. Kg1 Qc4 43. Rh8+ Kg6 44. Kh2 0-1

[Event "World Blitz 2025"]
[Site "Doha QAT"]
[Date "2025.12.30"]
[Round "16.34"]
[White "Indjic, Aleksandar"]
[Black "Bai, Jinshi"]
[Result "1-0"]
[WhiteTitle "GM"]
[BlackTitle "GM"]
[WhiteElo "2635"]
[BlackElo "2599"]
[WhiteFideId "911925"]
[BlackFideId "8602280"]
[EventDate "2025.12.29"]

1. c4 c5 2. Nf3 Nf6 3. Nc3 e6 4. e4 Nc6 5. d4 cxd4 6. Nxd4 Bc5 7. Nc2 Qb6 8. Qd2
Ng4 9. f3 Nf2 10. Na4 Qc7 11. Nxc5 Nxh1 12. f4 O-O 13. g3 d5 14. Bg2 b6 15. Na4
Nxg3 16. hxg3 dxc4 17. Nc3 e5 18. Nd5 Qd8 19. f5 f6 20. Qc3 b5 21. Be3 Rb8 22.
Bc5 Rf7 23. a4 a6 24. axb5 axb5 25. Ncb4 Bb7 26. Rd1 Qe8 27. Bf3 Rd7 28. b3 Rc8
29. bxc4 Nd4 30. Bxd4 Rxc4 31. Qe3 exd4 32. Rxd4 Qe5 33. Rxc4 bxc4 34. Kf2 Qb2+
35. Be2 h6 36. Qc3 Qb1 37. Qxc4 Kh8 38. Qd3 Qh1 39. Qf3 Qc1 40. Qf4 Qc5+ 41. Qe3
Qd6 42. Qc3 Rd8 43. Bf3 Rc8 44. Qe3 Qe5 45. Nd3 Qa1 46. N5f4 Rc2+ 47. Ne2 Kh7
48. Nf4 Ba6 49. Bh5 Qh1 50. Bf3 Qd1 51. e5 fxe5 52. Qxe5 Qd2 53. f6 gxf6 54.
Be4+ Kg8 55. Qe8+ 1-0

[Event "World Blitz 2025"]
[Site "Doha QAT"]
[Date "2025.12.30"]
[Round "16.35"]
[White "Murzin, Volodar"]
[Black "Rakhmanov, Aleksandr"]
[Result "1-0"]
[WhiteTitle "GM"]
[BlackTitle "GM"]
[WhiteElo "2648"]
[BlackElo "2585"]
[WhiteFideId "44155573"]
[BlackFideId "4173708"]
[EventDate "2025.12.29"]

1. d4 d5 2. Nf3 Bf5 3. Bf4 e6 4. e3 Bd6 5. Bg3 Ne7 6. Nbd2 c5 7. c3 Nbc6 8. Be2
O-O 9. O-O Bg6 10. Rc1 a6 11. dxc5 Bxc5 12. c4 Bd6 13. Bh4 dxc4 14. Nxc4 Bc7 15.
Qb3 b5 16. Nb6 Bxb6 17. Rxc6 Rb8 18. Qa3 Re8 19. Qxa6 Be4 20. Rcc1 Bxf3 21. Bxf3
Ba5 22. Bc6 Rf8 1-0

[Event "World Blitz 2025"]
[Site "Doha QAT"]
[Date "2025.12.30"]
[Round "16.36"]
[White "Iturrizaga Bonelli, Eduardo"]
[Black "Tsaruk, Maksim"]
[Result "1-0"]
[WhiteTitle "GM"]
[BlackTitle "GM"]
[WhiteElo "2592"]
[BlackElo "2515"]
[WhiteFideId "3901211"]
[BlackFideId "13511173"]
[EventDate "2025.12.29"]

1. c4 e5 2. g3 Nf6 3. Bg2 d5 4. cxd5 Nxd5 5. Nf3 Nc6 6. O-O Nb6 7. b3 Be7 8. Bb2
f6 9. Nc3 O-O 10. Qc1 a6 11. Rd1 Bg4 12. d4 exd4 13. Nxd4 Nxd4 14. Qf4 Qc8 15.
Rxd4 Be6 16. Qe3 Kf7 17. Rh4 h6 18. Rc1 c6 19. Qxb6 1-0

[Event "World Blitz 2025"]
[Site "Doha QAT"]
[Date "2025.12.30"]
[Round "16.37"]
[White "Sasikiran, Krishnan"]
[Black "Moussard, Jules"]
[Result "0-1"]
[WhiteTitle "GM"]
[BlackTitle "GM"]
[WhiteElo "2538"]
[BlackElo "2600"]
[WhiteFideId "5004985"]
[BlackFideId "642908"]
[EventDate "2025.12.29"]

1. e4 d6 2. d4 Nf6 3. Nc3 e5 4. Nf3 Nbd7 5. a4 Be7 6. Bc4 O-O 7. O-O c6 8. Re1
h6 9. h3 Re8 10. Be3 exd4 11. Bxd4 Nf8 12. Qd2 Be6 13. Bf1 Qc7 14. Rad1 Red8 15.
Qf4 Ng6 16. Qh2 a6 17. h4 Bg4 18. Qg3 Bh5 19. Bd3 b5 20. e5 dxe5 21. Bxg6 fxg6
22. Bxe5 Qa7 23. Rxd8+ Rxd8 24. Nd4 Qd7 25. f3 c5 26. Nde2 b4 27. Ne4 Nxe4 28.
fxe4 Bxe2 29. Rxe2 Kh7 30. Kh2 Qxa4 31. Rf2 Rf8 32. Rxf8 Bxf8 33. Qf4 Qe8 34. g4
Qe6 35. h5 Be7 36. hxg6+ Qxg6 37. b3 c4 38. bxc4 a5 39. Kg2 a4 40. Bd4 b3 41.
cxb3 axb3 42. Bb2 Bf6 43. e5 Qc2+ 44. Qf2 Qe4+ 45. Qf3 Qc2+ 46. Qf2 Bg5 47. e6
Qe4+ 48. Qf3 Qxe6 49. c5 Bf6 50. Bxf6 Qxf6 51. Qxb3 Qc6+ 52. Qf3 Qxc5 53. Qe4+
Kg8 54. Qe6+ Kf8 55. Kf3 Qc3+ 56. Ke2 Qf6 57. Qc8+ Kf7 58. Kd3 Qd6+ 59. Kc3 0-1

[Event "World Blitz 2025"]
[Site "Doha QAT"]
[Date "2025.12.30"]
[Round "16.38"]
[White "Pichot, Alan"]
[Black "Oro, Faustino"]
[Result "0-1"]
[WhiteTitle "GM"]
[BlackTitle "IM"]
[WhiteElo "2597"]
[BlackElo "2503"]
[WhiteFideId "110973"]
[BlackFideId "20000197"]
[EventDate "2025.12.29"]

1. e4 c5 2. Nf3 d6 3. c3 Nf6 4. Be2 e5 5. O-O Be7 6. Bb5+ Bd7 7. Bxd7+ Qxd7 8.
d4 exd4 9. cxd4 d5 10. exd5 Nxd5 11. dxc5 Nc6 12. a3 Bxc5 13. b4 Be7 14. Bb2 O-O
15. Nbd2 Bf6 16. Bxf6 Nxf6 17. Nc4 Qe6 18. Qb3 Rad8 19. Rfe1 Qf5 20. Rad1 Rxd1
21. Rxd1 Qe6 22. b5 Ne7 23. Re1 Qd7 24. Nce5 Qd5 25. Qa4 Ng6 26. Rd1 Qc5 27. Nd3
Qb6 28. Qc4 Rd8 29. Re1 Qd6 30. Nc5 Qc7 31. Qb4 h6 32. a4 b6 33. Nb3 Nf4 34. Ra1
Nd3 35. Qh4 Qc3 36. Nfd2 Nc5 37. Rb1 Nxb3 38. Nxb3 Qxb3 0-1

[Event "World Blitz 2025"]
[Site "Doha QAT"]
[Date "2025.12.30"]
[Round "16.39"]
[White "Aravindh, Chithambaram VR."]
[Black "Erdogmus, Yagiz Kaan"]
[Result "0-1"]
[WhiteTitle "GM"]
[BlackTitle "GM"]
[WhiteElo "2703"]
[BlackElo "2658"]
[WhiteFideId "5072786"]
[BlackFideId "44599790"]
[EventDate "2025.12.29"]

1. d4 Nf6 2. c4 b6 3. Nc3 Bb7 4. Bf4 d6 5. Nf3 Nbd7 6. e3 g6 7. h3 Bg7 8. Be2
O-O 9. O-O Ne4 10. Nxe4 Bxe4 11. Bh2 e5 12. Qd2 exd4 13. Nxd4 Re8 14. Rfd1 Nc5
15. Rac1 Bb7 16. Bf1 Ne4 17. Qc2 Bh6 18. Re1 Qf6 19. Rcd1 Re7 20. f3 Ng5 21. e4
Rae8 22. Nb5 Ne6 23. Nc3 Nd4 24. Qf2 c5 25. Rd3 Bf4 26. g3 Bh6 27. Bg2 Bg7 28.
f4 Qe6 29. b3 f5 30. Rde3 fxe4 31. Bxe4 Nf5 32. Bxb7 Nxe3 33. Bd5 Nxd5 34. Rxe6
Rxe6 35. cxd5 Re1+ 36. Kg2 Bxc3 37. Kf3 Bd4 38. Qc2 R8e3+ 39. Kg4 R1e2 40. Qc4
Bf6 41. h4 Rxh2 42. h5 Rxh5 43. Qa6 Rh2 44. Qc8+ Kg7 45. Qd7+ Be7 46. f5 h5+ 47.
Kf4 Re5 48. Kf3 Rxf5+ 49. Ke4 Re5+ 50. Kd3 Rxa2 51. Kc4 a6 52. g4 b5+ 53. Kc3
Re3# 0-1

[Event "World Blitz 2025"]
[Site "Doha QAT"]
[Date "2025.12.30"]
[Round "16.40"]
[White "Sargsyan, Shant"]
[Black "Dau Khuong Duy"]
[Result "1/2-1/2"]
[WhiteTitle "GM"]
[BlackTitle "IM"]
[WhiteElo "2665"]
[BlackElo "2489"]
[WhiteFideId "13306766"]
[BlackFideId "12424722"]
[EventDate "2025.12.29"]

1. Nf3 Nf6 2. c4 g6 3. Nc3 Bg7 4. e4 d6 5. d4 O-O 6. Be2 Na6 7. O-O e5 8. Re1
Bg4 9. dxe5 Bxf3 10. exf6 Bxe2 11. Qxe2 Qxf6 12. Be3 Rfe8 13. Rac1 Qe6 14. f3 f5
15. exf5 Qxf5 16. Qd2 Re6 17. Ne4 Nc5 18. Nxc5 dxc5 19. Bf2 b6 20. Rxe6 Qxe6 21.
b3 Bf6 22. Re1 Qf7 23. Qe2 Rd8 24. Kf1 Kg7 25. Rd1 Re8 26. Qd3 Be5 27. Re1 Bd6
28. Rxe8 Qxe8 29. Qc3+ Kg8 30. g3 Qe6 31. Qd3 Qe5 32. Qe2 Qa1+ 33. Kg2 Kf7 34.
f4 Qb1 35. Be1 a5 36. Bc3 Qc1 37. Bb2 Qb1 38. a4 Qa2 39. Qc2 Be7 40. Qc3 Qb1 41.
Qg7+ Ke8 42. Qg8+ Kd7 43. Qd5+ Bd6 44. Qd2 Kc8 45. h4 Qe4+ 46. Kh2 Qf3 47. Qc3
Qf2+ 48. Kh3 Qf1+ 49. Kh2 Qf2+ 50. Kh3 Qf1+ 51. Kh2 1/2-1/2

[Event "World Blitz 2025"]
[Site "Doha QAT"]
[Date "2025.12.30"]
[Round "16.41"]
[White "Gholami Orimi, Mahdi"]
[Black "Naiditsch, Arkadij"]
[Result "0-1"]
[WhiteTitle "GM"]
[BlackTitle "GM"]
[WhiteElo "2515"]
[BlackElo "2574"]
[WhiteFideId "12558486"]
[BlackFideId "4650891"]
[EventDate "2025.12.29"]

1. d4 Nf6 2. c4 g6 3. g3 Bg7 4. Bg2 O-O 5. Nc3 d6 6. Nf3 Nbd7 7. O-O e5 8. e4
Re8 9. h3 exd4 10. Nxd4 Nc5 11. Re1 Bd7 12. Rb1 a5 13. Ndb5 Bc6 14. Qc2 h5 15.
Bf4 h4 16. g4 Ne6 17. Be3 Nd7 18. Nd5 g5 19. Rbd1 Be5 20. Qc1 Rc8 21. Qd2 Bxd5
22. exd5 Nf4 23. Qxa5 Nc5 24. Qd2 Ncd3 25. Bxf4 Nxf4 26. b4 Qf6 27. c5 Kg7 28.
c6 bxc6 29. dxc6 Re7 30. a4 Rce8 31. Bf1 Ne6 32. a5 Bf4 33. Qc3 Be5 34. Qd2 Qf3
35. Bg2 Qb3 36. Rb1 Qc4 37. Bf1 Qxc6 38. Rec1 Qd7 39. Qc2 c5 40. bxc5 Nxc5 41.
Qf5 Qxf5 42. gxf5 Ra8 43. a6 Rxa6 44. Nc3 Ra3 45. Nd5 Rea7 46. Rb6 Ne4 47. Re1
Nf6 48. Nxf6 Kxf6 49. Rb4 Kxf5 50. Be2 Ra1 51. Rxa1 Rxa1+ 52. Kg2 Ra2 53. Bc4
Rd2 54. Bxf7 Bd4 55. Kf1 Rxf2+ 56. Ke1 Rf4 57. Ke2 Re4+ 58. Kd3 Ke5 59. Rb5+ Bc5
60. Rb3 Kf4 61. Kd2 g4 62. hxg4 Kxg4 63. Bg6 Rf4 64. Be8 Rd4+ 65. Kc2 Kf4 66.
Rh3 Ke5 67. Kc3 Rf4 68. Rh1 d5 69. Rh3 Rc4+ 70. Kb3 Rb4+ 71. Kc2 Rf4 72. Kd3 Bf2
73. Bd7 Bg3 74. Rh1 Rf7 75. Bh3 Ra7 76. Rc1 Bf2 77. Ke2 Bd4 78. Bc8 Ra3 79. Rh1
Ra2+ 80. Kd3 Bf2 81. Rb1 Ra3+ 82. Ke2 Bg3 83. Rd1 d4 84. Kf1 Bf4 85. Kg2 h3+ 86.
Kh1 Re3 87. Bd7 Rc3 88. Bg4 h2 89. Bh5 d3 90. Bg6 d2 91. Bh5 Rc1 92. Kg2 Kd4 93.
Bg4 Kc3 94. Rh1 Kc2 95. Bf5+ Kb2 96. Bg4 Kc3 97. Bf3 Kd3 98. Bh5 Kd4 99. Bf3 Kc3
100. Bg4 Re1 101. Bf3 Kc2 102. Bg4 Kc1 103. Bf3 Kc2 104. Bh5 Kd3 105. Bg6+ Ke3
106. Bh5 Bg3 107. Bg4 Bf2 108. Kxh2 Kf4 109. Bh5 Re5 110. Bd1 Rg5 111. Rf1 Ke3
112. Rh1 Be1 113. Rf1 Bg3+ 114. Kh3 Bf2 115. Rh1 Bg1 116. Kh4 Rg7 117. Kh3 Kf2
118. Bh5 Rh7 0-1

[Event "World Blitz 2025"]
[Site "Doha QAT"]
[Date "2025.12.30"]
[Round "16.42"]
[White "Mendonca, Leon Luke"]
[Black "Sychev, Klementy"]
[Result "1-0"]
[WhiteTitle "GM"]
[BlackTitle "GM"]
[WhiteElo "2615"]
[BlackElo "2517"]
[WhiteFideId "35028561"]
[BlackFideId "4114060"]
[EventDate "2025.12.29"]

1. Nf3 Nf6 2. b4 d5 3. Bb2 Bg4 4. e3 c6 5. c4 e6 6. a3 Nbd7 7. d4 Bd6 8. Nbd2
Ne4 9. h3 Bf5 10. Nxe4 Bxe4 11. Nd2 Bg6 12. Be2 O-O 13. O-O Nf6 14. Qb3 Bc7 15.
Rac1 Qd6 16. f4 Ne4 17. Nxe4 Bxe4 18. a4 Qd7 19. Ba3 Rfe8 20. Bf3 Bxf3 21. Rxf3
Rab8 22. b5 Rec8 23. Rf2 Bd6 24. Bxd6 Qxd6 25. Rfc2 h6 26. c5 Qd7 27. Rb1 b6 28.
Qd3 bxc5 29. dxc5 Qc7 30. Qd4 f6 31. b6 Qb7 32. a5 a6 33. e4 Re8 34. Re1 e5 35.
fxe5 Rxe5 36. Rce2 Rbe8 37. Qd3 Qe7 38. Qxa6 Qxc5+ 39. Kh1 dxe4 40. b7 Qxa5 41.
Qxc6 Qc5 42. Qa6 f5 43. Rb1 Qc7 44. Qa2+ Kh7 45. Rc2 Qb8 46. Qa6 e3 47. Rc8 e2
48. Re1 R5e6 49. Rxb8 1-0

[Event "World Blitz 2025"]
[Site "Doha QAT"]
[Date "2025.12.30"]
[Round "16.43"]
[White "Lobanov, Sergei"]
[Black "Theodorou, Nikolas"]
[Result "1/2-1/2"]
[WhiteTitle "GM"]
[BlackTitle "GM"]
[WhiteElo "2527"]
[BlackElo "2652"]
[WhiteFideId "24183750"]
[BlackFideId "4262875"]
[EventDate "2025.12.29"]

1. d4 b6 2. e4 Bb7 3. Bd3 d6 4. Nf3 Nd7 5. a4 a6 6. O-O e5 7. c3 Ngf6 8. Re1 g6
9. Na3 Bg7 10. Nc4 O-O 11. Bg5 h6 12. Bh4 Re8 13. Qc2 Qc8 14. dxe5 Nxe5 15.
Nfxe5 dxe5 16. f3 Nd7 17. Bf1 Nc5 18. b4 Ne6 19. Rad1 a5 20. bxa5 bxa5 21. Kh1
Bc6 22. Ne3 Nc5 23. Bb5 Bxb5 24. axb5 c6 25. c4 a4 26. Ra1 Nb3 27. Ra2 Qb7 28.
bxc6 Qxc6 29. Nd5 Kh8 30. h3 Ra7 31. Rb1 Rb7 32. Rd1 Ra8 33. Bf2 Nd4 34. Qd3 Rb3
35. Qf1 a3 36. Rda1 Ra4 37. Ne3 Bf8 38. Nd5 Qxc4 39. Qd1 Rb2 40. Rxb2 axb2 41.
Rb1 Ra2 42. Be1 Qc2 43. Qxc2 Nxc2 44. Bc3 Ra1 45. Bxe5+ f6 46. Bxf6+ Bg7 47.
Rxa1 bxa1=Q+ 48. Bxa1 Bxa1 49. h4 Kg7 50. Kh2 Bd4 51. Kh3 Ne3 52. g3 Nxd5 53.
exd5 Kf6 54. h5 g5 55. Kg4 Be5 56. f4 Bd6 57. fxg5+ hxg5 58. h6 Kg6 59. h7 Kxh7
60. Kxg5 1/2-1/2

[Event "World Blitz 2025"]
[Site "Doha QAT"]
[Date "2025.12.30"]
[Round "16.44"]
[White "Isanzhulov, Arystan"]
[Black "Sanal, Vahap"]
[Result "0-1"]
[WhiteTitle "IM"]
[BlackTitle "GM"]
[WhiteElo "2419"]
[BlackElo "2546"]
[WhiteFideId "13711644"]
[BlackFideId "6300545"]
[EventDate "2025.12.29"]

1. e4 e5 2. Nf3 Nc6 3. Nc3 Nf6 4. g3 Bb4 5. Bg2 Bxc3 6. dxc3 d6 7. O-O h6 8. Nd2
Bg4 9. Qe1 Qd7 10. a4 Bh3 11. Nc4 Bxg2 12. Kxg2 d5 13. Nd2 O-O-O 14. Qe2 Rhe8
15. f3 h5 16. h3 h4 17. g4 Ne7 18. c4 Ng6 19. Nb3 dxe4 20. Nc5 Qc6 21. Nxe4 Nf4+
22. Bxf4 exf4 23. Rae1 g5 24. b3 Nxe4 25. fxe4 Rd4 26. Kf3 a5 27. c3 Rd6 28. Rd1
Red8 29. Rd5 Rxd5 30. cxd5 Qxc3+ 31. Kg2 Qg3+ 32. Kh1 Qxh3+ 33. Kg1 Qg3+ 34. Kh1
Qxb3 35. Rc1 Qh3+ 36. Kg1 Qg3+ 37. Kh1 f3 38. Qc2 Qh3+ 39. Kg1 Qxg4+ 40. Kf1
Qh3+ 41. Ke1 Qh1+ 42. Kd2 Qg2+ 43. Ke3 Qxc2 44. Rxc2 g4 45. Kd4 0-1

[Event "World Blitz 2025"]
[Site "Doha QAT"]
[Date "2025.12.30"]
[Round "16.45"]
[White "Klukin, Kirill"]
[Black "Bortnyk, Olexandr"]
[Result "1-0"]
[WhiteTitle "IM"]
[BlackTitle "GM"]
[WhiteElo "2414"]
[BlackElo "2601"]
[WhiteFideId "24199273"]
[BlackFideId "14120828"]
[EventDate "2025.12.29"]

1. d4 Nf6 2. c4 g6 3. Nc3 Bg7 4. e4 d6 5. Nf3 O-O 6. Bd3 Bg4 7. Be2 Na6 8. Be3
e5 9. d5 Bxf3 10. Bxf3 Nd7 11. h4 f5 12. h5 f4 13. Bd2 Nac5 14. Qe2 a5 15. hxg6
hxg6 16. O-O-O Kf7 17. Kb1 Rh8 18. g3 Qf6 19. Nb5 Rxh1 20. Rxh1 c6 21. Nc7 Rc8
22. Ne6 Nxe6 23. dxe6+ Kxe6 24. Bg4+ Ke7 25. gxf4 Rf8 26. f5 a4 27. Be3 Kd8 28.
Qd2 Kc7 29. Qa5+ Kb8 30. fxg6 Nc5 31. Bf5 Qe7 32. Rd1 Rh8 33. Bxc5 dxc5 34. Rd7
Rh1+ 35. Kc2 Bh6 36. Qc7+ 1-0

[Event "World Blitz 2025"]
[Site "Doha QAT"]
[Date "2025.12.30"]
[Round "16.46"]
[White "Makhnev, Denis"]
[Black "Maghsoodloo, Parham"]
[Result "0-1"]
[WhiteTitle "GM"]
[BlackTitle "GM"]
[WhiteElo "2532"]
[BlackElo "2708"]
[WhiteFideId "13707647"]
[BlackFideId "12539929"]
[EventDate "2025.12.29"]

1. d4 Nf6 2. c4 e6 3. Nf3 Bb4+ 4. Bd2 Be7 5. Nc3 O-O 6. Qc2 c5 7. d5 exd5 8.
cxd5 b5 9. e4 b4 10. Na4 d6 11. h3 Bd7 12. b3 Bxa4 13. bxa4 Nbd7 14. Bb5 a6 15.
Bc6 Ra7 16. a5 Nb8 17. Ba4 Qxa5 18. a3 Nbd7 19. axb4 cxb4 20. Nd4 Ne5 21. O-O
Rc7 22. Nc6 Nxc6 23. Bxc6 Qc5 24. Qd3 a5 25. Rfc1 Qb6 26. Be3 Qb8 27. Rxa5 Nd7
28. Ra8 Ne5 29. Qf1 Qxa8 30. Bxa8 Rxc1 31. Qxc1 Rxa8 32. f4 Ng6 33. Qc7 Bf8 34.
Qb7 Ra3 35. Kf2 b3 36. Qb8 Ra2+ 37. Kf3 h5 38. g3 h4 39. g4 Rh2 40. e5 Rxh3+ 41.
Ke4 dxe5 42. d6 exf4 43. Bc5 Rc3 44. Kd4 Rc1 45. Qxb3 Kh7 46. g5 f6 47. gxf6
gxf6 48. Qf7+ Bg7 49. d7 Rd1+ 50. Ke4 h3 51. Qe6 Re1+ 52. Kf3 Rxe6 53. d8=Q Re5
54. Bd4 Rh5 55. Kg4 h2 0-1

[Event "World Blitz 2025"]
[Site "Doha QAT"]
[Date "2025.12.30"]
[Round "16.47"]
[White "Esipenko, Andrey"]
[Black "Nogerbek, Kazybek"]
[Result "1-0"]
[WhiteTitle "GM"]
[BlackTitle "GM"]
[WhiteElo "2698"]
[BlackElo "2539"]
[WhiteFideId "24175439"]
[BlackFideId "13710427"]
[EventDate "2025.12.29"]

1. e4 e5 2. Nf3 Nc6 3. Bb5 a6 4. Ba4 Nf6 5. d4 exd4 6. O-O Be7 7. e5 Ne4 8. Nxd4
O-O 9. Nf5 d5 10. Nxe7+ Nxe7 11. c3 Nc5 12. Bc2 Bf5 13. Na3 Ne6 14. Be3 c5 15.
Qf3 Bxc2 16. Nxc2 Qd7 17. Qg4 Rad8 18. Rad1 b6 19. f4 g6 20. f5 Nc7 21. Bh6 Rfe8
22. Ne3 Nc6 23. e6 Qe7 24. fxg6 fxg6 25. Rf7 Qxe6 26. Rxc7 d4 27. Qxe6+ Rxe6 28.
Ng4 Ne7 29. Bg5 Re8 30. Nf6+ Rxf6 31. Bxf6 Nd5 32. Rc6 Ne3 33. Rd3 Ng4 34. Rd1
d3 35. Bg5 Re5 36. h3 Rxg5 37. hxg4 Rd5 38. Kf2 b5 39. b3 Kg7 40. Ke3 Rg5 41.
Rxd3 Rxg4 42. Kf2 c4 43. bxc4 bxc4 44. Rd4 Rg5 45. Rxa6 Rf5+ 46. Kg1 Re5 47. a4
h5 48. a5 1-0

[Event "World Blitz 2025"]
[Site "Doha QAT"]
[Date "2025.12.30"]
[Round "16.48"]
[White "Bjerre, Jonas Buhl"]
[Black "Svane, Rasmus"]
[Result "0-1"]
[WhiteTitle "GM"]
[BlackTitle "GM"]
[WhiteElo "2623"]
[BlackElo "2608"]
[WhiteFideId "1444948"]
[BlackFideId "4657101"]
[EventDate "2025.12.29"]

1. e4 c6 2. d4 d5 3. exd5 cxd5 4. Nf3 Nc6 5. c3 a6 6. Bf4 Bf5 7. Nbd2 e6 8. Be2
Bd6 9. Bxd6 Qxd6 10. Nh4 Bg6 11. O-O Nge7 12. a4 Nf5 13. Ndf3 Qe7 14. Nxg6 hxg6
15. Bd3 Nh4 16. g3 Nxf3+ 17. Qxf3 Qf6 18. Qe3 O-O 19. Rae1 Rab8 20. h4 Rfe8 21.
f4 Ne7 22. Kg2 b5 23. a5 Red8 24. Rh1 Nf5 25. Qf3 b4 26. Bxa6 bxc3 27. Qxc3 Qxd4
28. Re2 Qxc3 29. bxc3 Ra8 30. Bd3 Rxa5 31. h5 gxh5 32. Bxf5 exf5 33. Rxh5 g6 34.
Rh1 Rc5 35. Re3 Ra8 36. Rd1 Ra2+ 37. Kf3 Rc2 38. Rdd3 Kg7 39. Re5 R5xc3 40. Rxd5
Rc4 41. R5d4 Rxd4 42. Rxd4 Rc3+ 43. Kg2 Rc7 44. Rd8 Kf6 45. Rd6+ Ke7 46. Ra6 Rd7
47. Kh3 Rd6 48. Ra7+ Ke6 49. Ra5 Rc6 50. Re5+ Kf6 51. Ra5 Rc8 52. Ra6+ Kg7 53.
Ra7 Rf8 54. Ra6 Kh6 55. Ra5 Rh8 56. Ra7 Kg7+ 57. Kg2 Rd8 58. Ra6 Re8 59. Kh3 Re6
60. Ra7 Rc6 61. Rb7 Kf6 62. Ra7 Ke6 63. Rb7 Rd6 64. Ra7 Rd8 65. Ra6+ Ke7 66.
Ra7+ Kf6 67. Ra6+ Kg7 68. Ra7 Rh8+ 69. Kg2 Re8 70. Kh3 Kf8 71. Rb7 Re7 72. Rb8+
Kg7 73. Rb6 f6 74. Ra6 g5 75. fxg5 fxg5 76. Kg2 Kf7 77. Ra8 Kf6 78. Rf8+ Rf7 79.
Ra8 Rd7 80. Rf8+ Kg6 81. Rg8+ Kh5 82. Ra8 Rd2+ 83. Kf3 g4+ 84. Ke3 Rg2 85. Rh8+
Kg5 86. Rg8+ Kf6 87. Rf8+ Kg6 88. Kf4 Rf2+ 89. Ke5 Re2+ 90. Kd5 Re3 91. Rg8+ Kf7
92. Rg5 Kf6 93. Kd4 0-1